Methods and techniques of research / (Record no. 9459)

MARC details
000 -LEADER
fixed length control field 00615nam a22002057a 4500
003 - CONTROL NUMBER IDENTIFIER
control field OSt
005 - DATE AND TIME OF LATEST TRANSACTION
control field 20260415065852.0
008 - FIXED-LENGTH DATA ELEMENTS--GENERAL INFORMATION
fixed length control field 260415b |||||||| |||| 00| 0 eng d
020 ## - INTERNATIONAL STANDARD BOOK NUMBER
International Standard Book Number 971-23-2301-3
040 ## - CATALOGING SOURCE
Original cataloging agency DWCL - Main Lib.
Transcribing agency OC
082 ## - DEWEY DECIMAL CLASSIFICATION NUMBER
Classification number Res. 001.42 Sa55m 1997
100 ## - MAIN ENTRY--PERSONAL NAME
Personal name Sanchez, Custodiosa A.
Relator term Author
245 ## - TITLE STATEMENT
Title Methods and techniques of research /
Statement of responsibility, etc. Custodiosa A. Sanchez
250 ## - EDITION STATEMENT
Edition statement 3rd ed.
260 ## - PUBLICATION, DISTRIBUTION, ETC.
Place of publication, distribution, etc. Manila :
Name of publisher, distributor, etc. Rex Book Store,
Date of publication, distribution, etc. c1997.
300 ## - PHYSICAL DESCRIPTION
Extent xi , 263 p. ;
Dimensions 22 cm.
504 ## - BIBLIOGRAPHY, ETC. NOTE
Bibliography, etc. note Includes references and index.
650 ## - SUBJECT ADDED ENTRY--TOPICAL TERM
Topical term or geographic name entry element 1. Research - Method.
942 ## - ADDED ENTRY ELEMENTS (KOHA)
Source of classification or shelving scheme Dewey Decimal Classification
Koha item type Book- Reserved
Suppress in OPAC No
952 ## - LOCATION AND ITEM INFORMATION (KOHA)
--
952 ## - LOCATION AND ITEM INFORMATION (KOHA)
--
Holdings
Withdrawn status Lost status Source of classification or shelving scheme Damaged status Not for loan Home library Current library Shelving location Date acquired Source of acquisition Total Checkouts Full call number Barcode Date last seen Copy number Price effective from Koha item type Uniform Resource Identifier
    Dewey Decimal Classification     Junior High School Library Junior High School Library Reserved 12/01/2009 Library Fund   Res. 001.42 Sa55m 1997 JHS - 15447 04/15/2026 c1 04/15/2026 BK-0 CIRC
    Dewey Decimal Classification     Junior High School Library Junior High School Library Reserved 12/01/2009 Library Fund   Res. 001.42 Sa55m 1997 JHS - 15448 04/15/2026 c2 04/15/2026 BK-0 CIRC